Fastest Growing U.S. States Since 1960 - Statistics

General Stats
  • This quiz has been taken 76,340 times
    40,022 since last reset
  • The average score is 7 of 10
Answer Stats
Increase State % Correct
231% Texas
93%
374% Florida
91%
485% Arizona
80%
180% Washington
78%
1,051% Nevada
73%
243% Colorado
69%
187% Georgia
68%
297% Utah
66%
226% Alaska
59%
204% Idaho
52%
No matching quizzes found
Score Distribution
Percent of People with Each Score
Percentile by Number Answered
Your Score History
You have not taken this quiz since the last reset